| 000 | 00812nam a2200229 i 4500 | ||
|---|---|---|---|
| 001 | 11520 | ||
| 003 | ES-MaACL | ||
| 005 | 20230906150122.0 | ||
| 007 | t| | ||
| 008 | 960626s1994 sp ||||1| spa d | ||
| 080 | _a929 Bosch Gimpera, Pedro | ||
| 100 | 1 |
_aReventós, Joan ( _d1927-2004) _9151763 |
|
| 245 | 1 | 0 |
_aBosch Gimpera _b: un catalán abierto al mundo / _c[Joan Reventós]. |
| 260 |
_aMadrid : _bFundación Españoles en el Mundo, _c1994. |
||
| 300 |
_a28 p. : _bil. ; _c28 cm. |
||
| 490 | 1 |
_aCuadernos de la Fundación Españoles en el Mundo ; _v6 |
|
| 600 | 1 | 4 |
_aBosch Gimpera, Pedro. _930657 |
| 710 | 2 |
_aFundación Españoles en el Mundo. _94290 |
|
| 830 | 0 |
_aCuadernos de la Fundación Españoles en el Mundo ; _v6 _9179150 |
|
| 852 |
_aES-MaACL _jL-18934 _bR.125134 |
||
| 999 |
_c11520 _d11520 |
||